00674nam a22001817a 450000500170000001000220001702000380003903500210007703700090009808200110010710000170011824500870013525000060022226000460022827001790027430000310045349000080048420250728123214.0 aENG-146175-146230 a8190201204(Set of 2 Vol)c5500.00 aEN-129707-129762 bDBAD a33721 aMalik, Vipin aValue Reporting and Global Comparative Advantage:bBanking & Finance/cVipin Malik a1 aNew Delhi bVMA Informerics Pvt Ltdc2005 aFlat No. 104/108, !st Floor Golf Apartments, Sujan Singh Park, Mahrishi Ramanna MargbNew Delhie110003k91-11-24601142k91-11-24601910k91-11-24649428mvmalik@spectranet.com axxiv, 860p.c29cm(Hb)  v1,2